Aventuras y encuentros mágicos. Cuentos de niños y niñas dominicanos (Record no. 7782)
[ view plain ]
| 000 -LEADER | |
|---|---|
| campo de control de longitud fija | 00455nam a2200145Ia 4500 |
| 001 - NÚMERO DE CONTROL | |
| campo de control | 3888 |
| 008 - DATOS DE LONGITUD FIJA--INFORMACIÓN GENERAL | |
| campo de control de longitud fija | 241024s9999 xx 000 0 und d |
| 020 ## - NÚMERO INTERNACIONAL ESTÁNDAR DEL LIBRO | |
| Número Internacional Estándar del Libro | 978-9945-415-59-9 |
| 082 ## - NÚMERO DE LA CLASIFICACIÓN DECIMAL DEWEY | |
| Número de clasificación | RD/863.5/C726s |
| 100 ## - ENTRADA PRINCIPAL--NOMBRE DE PERSONA | |
| Nombre de persona | Domingo Ángel Tavárez Jáquez |
| 245 #0 - MENCIÓN DEL TÍTULO | |
| Título | Aventuras y encuentros mágicos. Cuentos de niños y niñas dominicanos |
| 260 ## - PUBLICACIÓN, DISTRIBUCIÓN, ETC. | |
| Nombre del editor, distribuidor, etc. | Pontificia Universidad Católica Madre y Maestra |
| Fecha de publicación, distribución, etc. | 2014 |
| 901 ## - ELEMENTOS DE DATOS A LOCAL LDA (RLIN) | |
| a | 28/1/2015 9:54:35 a.m. |
No items available.